[Event "RUS-chT Blitz"]
[Site "Sochi"]
[Date "2024.10.17"]
[Round "3.17"]
[White "Lintchevski, Daniil"]
[Black "Otdelnov, Kirill"]
[Result "1-0"]
[WhiteElo "2524"]
[BlackElo "2320"]
[PlyCount "85"]
[EventDate "2024.10.17"]
[EventType "team-swiss (blitz)"]
[EventRounds "11"]
[EventCountry "RUS"]
[SourceTitle "CB43_2024"]
[Source "Chessbase"]
[SourceDate "2024.10.23"]
[SourceVersion "1"]
[SourceVersionDate "2024.10.23"]
[SourceQuality "1"]
[WhiteTeam "St Petersburg SSHOR"]
[BlackTeam "Kemerovsk Region"]
[WhiteTeamCountry "RUS"]
[BlackTeamCountry "RUS"]

1. e4 e6 2. d4 d5 3. Nc3 Nf6 4. e5 Nfd7 5. Nce2 c5 6. f4 Nc6 7. c3 Be7 8. Nf3 0-0 9. Be3 a5 10. a4 Qb6 11. Qd2 f6 12. g3 cxd4 13. Nexd4 Nxd4 14. Bxd4 Bc5 15. Bb5 fxe5 16. Nxe5 Nxe5 17. fxe5 Bxd4 18. cxd4 Qd8 19. Rf1 Rxf1+ 20. Kxf1 Bd7 21. Bd3 Qb6 22. Kg2 Rf8 23. Bc2 Be8 24. Rf1 Rxf1 25. Kxf1 Bg6 26. Bxg6 hxg6 27. Qc3 Kh7 28. Kf2 Qa6 29. h4 Qb6 30. b3 Qd8 31. Kg2 Qb6 32. Qd3 Kh8 33. Kf3 Qb4 34. Kg4 Qe1 35. Qxg6 Qd1+ 36. Kg5 Qd2+ 37. Kh5 Qd1+ 38. g4 Qxd4 39. Qxe6 Qe4 40. Qf5 Qe3 41. Kg6 Qh6+ 42. Kf7 d4 43. Qc8+ 1-0

[Event "RUS-ch Rapid"]
[Site "Sochi"]
[Date "2024.10.16"]
[Round "7"]
[White "Gontcharov, Vladislav"]
[Black "Lintchevski, Daniil"]
[Result "0-1"]
[WhiteElo "2421"]
[BlackElo "2524"]
[PlyCount "86"]
[EventDate "2024.10.15"]
[EventType "swiss (rapid)"]
[EventRounds "11"]
[EventCountry "RUS"]
[SourceTitle "CB43_2024"]
[Source "Chessbase"]
[SourceDate "2024.10.23"]
[SourceVersion "1"]
[SourceVersionDate "2024.10.23"]
[SourceQuality "1"]

1. d4 d5 2. c4 e6 3. Nf3 Nf6 4. g3 dxc4 5. Qa4+ Nbd7 6. Qxc4 a6 7. Bf4 Nd5 8. Bg5 Be7 9. Bxe7 Nxe7 10. Bg2 b5 11. Qc2 Bb7 12. 0-0 Rc8 13. b4 Nf6 14. Nbd2 0-0 15. e4 Nc6 16. Qb2 Qe7 17. a3 a5 18. bxa5 Nxa5 19. Qxb5 Ra8 20. Rfe1 Rfb8 21. Qb4 Qxb4 22. axb4 Nc6 23. b5 Ne7 24. Ne5 Bc8 25. Nc6 Nxc6 26. bxc6 Kf8 27. h3 Ke7 28. Bf3 Ra6 29. d5 Rxa1 30. Rxa1 exd5 31. exd5 Bxh3 32. Nc4 Ne8 33. g4 f5 34. Re1+ Kf8 35. g5 Rb4 36. d6 cxd6 37. Bd5 Nc7 38. Nxd6 Rd4 39. Nxf5 Rxd5 40. Nxg7 Rxg5+ 41. Kh2 Bc8 42. Rd1 Kxg7 43. Rd8 Be6 0-1

[Event "RUS-ch Rapid"]
[Site "Sochi"]
[Date "2024.10.16"]
[Round "8"]
[White "Lintchevski, Daniil"]
[Black "Rostovtsev, Dmitry"]
[Result "1-0"]
[WhiteElo "2524"]
[BlackElo "2304"]
[PlyCount "133"]
[EventDate "2024.10.15"]
[EventType "swiss (rapid)"]
[EventRounds "11"]
[EventCountry "RUS"]
[SourceTitle "CB43_2024"]
[Source "Chessbase"]
[SourceDate "2024.10.23"]
[SourceVersion "1"]
[SourceVersionDate "2024.10.23"]
[SourceQuality "1"]

1. e4 e5 2. Nf3 Nc6 3. Nc3 Nf6 4. d4 exd4 5. Nxd4 Bb4 6. Nxc6 bxc6 7. Bd3 0-0 8. 0-0 d5 9. exd5 cxd5 10. h3 Rb8 11. Qf3 Rb6 12. a3 Be7 13. b4 Bb7 14. Bb2 d4 15. Ne4 c5 16. Nxf6+ Bxf6 17. Qf5 g6 18. Qxc5 Qd7 19. Rfe1 Rc8 20. Qa5 Bd5 21. Rad1 Qb7 22. Bf1 Bc4 23. Bxc4 Rxc4 24. Qa4 Rbc6 25. Qb3 Kg7 26. Re2 Rc7 27. Red2 Qe4 28. Qd3 Qc6 29. Qe2 Qb6 30. Qe4 Qb5 31. Bxd4 Bxd4 32. Rxd4 Rxc2 33. Rd5 Qb6 34. Qe5+ Qf6 35. Qxf6+ Kxf6 36. Rd7 Ke5 37. Re1+ Kf6 38. Ree7 Rxd7 39. Rxd7 a5 40. bxa5 Rc5 41. a6 Ra5 42. a7 Rxa3 43. Kf1 Ke6 44. Rb7 h5 45. Ke2 f6 46. Kd2 g5 47. Kc2 Kd5 48. Kb2 Ra5 49. Kc3 Kc5 50. Kd3 f5 51. Rf7 Ra3+ 52. Kc2 Kd4 53. Kb2 Ra5 54. Kb3 Ra1 55. Rxf5 Rxa7 56. Rxg5 Rf7 57. Rxh5 Rxf2 58. Rg5 Re2 59. h4 Ke4 60. g3 Rd2 61. h5 Rd8 62. g4 Kf4 63. Rg6 Rc8 64. h6 Rh8 65. g5 Kg4 66. Rg7 Kh5 67. h7 1-0

[Event "RUS-ch Blitz"]
[Site "Sochi"]
[Date "2024.10.14"]
[Round "1"]
[White "Lintchevski, Daniil"]
[Black "Teshelleev, Aslan"]
[Result "1-0"]
[WhiteElo "2524"]
[BlackElo "1911"]
[PlyCount "65"]
[EventDate "2024.10.14"]
[EventType "swiss (blitz)"]
[EventRounds "13"]
[EventCountry "RUS"]
[SourceTitle "CB43_2024"]
[Source "Chessbase"]
[SourceDate "2024.10.23"]
[SourceVersion "1"]
[SourceVersionDate "2024.10.23"]
[SourceQuality "1"]

1. e4 c5 2. Nf3 d6 3. d4 cxd4 4. Nxd4 Nf6 5. Nc3 a6 6. Be2 e5 7. Nb3 Be7 8. Bg5 Be6 9. Bxf6 Bxf6 10. Qd3 0-0 11. Rd1 Be7 12. Nd5 Bxd5 13. Qxd5 Qc7 14. Qc4 Rc8 15. Qxc7 Rxc7 16. c3 Nd7 17. 0-0 b5 18. g3 Nb6 19. Na5 Rd8 20. h4 g6 21. Rd2 f5 22. Bf3 fxe4 23. Bxe4 d5 24. Rfd1 d4 25. Nc6 Rd6 26. Nxe5 Re6 27. cxd4 Bb4 28. Rc2 Rxc2 29. Bxc2 Kg7 30. Bb3 Rd6 31. Rc1 Na4 32. Rc7+ Kh8 33. Nf7+ 1-0

[Event "Moscow Ivi GP"]
[Site "Moscow"]
[Date "2024.10.08"]
[Round "6"]
[White "Shogdzhiev, Roman Sav"]
[Black "Lintchevski, Daniil"]
[Result "0-1"]
[WhiteElo "2136"]
[BlackElo "2524"]
[PlyCount "78"]
[EventDate "2024.10.05"]
[EventType "swiss"]
[EventRounds "10"]
[EventCountry "RUS"]
[SourceTitle "CB45_2024"]
[Source "ChessBase"]
[SourceDate "2024.11.06"]
[SourceVersion "1"]
[SourceVersionDate "2024.11.06"]
[SourceQuality "1"]

1. e4 c5 2. Nf3 Nc6 3. Bb5 d6 4. 0-0 Bd7 5. c3 a6 6. Ba4 Nf6 7. Re1 b5 8. Bc2 e5 9. h3 g5 10. d4 g4 11. hxg4 Bxg4 12. dxc5 Rg8 13. Qd3 dxc5 14. Qxd8+ Rxd8 15. Nh4 Nh5 16. Kh2 Nf4 17. g3 Nd3 18. Bxd3 Rxd3 19. Be3 Be7 20. Nf5 Bg5 21. Bxc5 Bf3 22. Be3 Bxe4 23. Nh6 Bxh6 24. Bxh6 Rg6 25. Be3 Rxe3 26. fxe3 Rh6+ 27. Kg1 Rh1+ 28. Kf2 Rh2+ 29. Kf1 Ne7 30. g4 h5 31. c4 hxg4 32. Nc3 Bf3 33. Rec1 Nf5 34. cxb5 Nxe3+ 35. Ke1 axb5 36. b4 g3 37. Rab1 Nc4 38. Ne2 Rh1+ 39. Ng1 Rxg1# 0-1

[Event "St Petersburg Rapid GP"]
[Site "St Petersburg"]
[Date "2024.08.25"]
[Round "8"]
[White "Lintchevski, Daniil"]
[Black "Pavlov, Danila"]
[Result "1-0"]
[WhiteElo "2524"]
[BlackElo "2366"]
[PlyCount "95"]
[EventDate "2024.08.24"]
[EventType "swiss (rapid)"]
[EventRounds "11"]
[EventCountry "RUS"]
[SourceTitle "CBM 221 Extra"]
[Source "ChessBase"]
[SourceDate "2024.09.30"]
[SourceVersion "1"]
[SourceVersionDate "2024.09.30"]
[SourceQuality "1"]

1. e4 e6 2. d4 d5 3. Nc3 Nf6 4. Bg5 Bb4 5. e5 h6 6. Be3 Ne4 7. Nge2 b6 8. a3 Nxc3 9. Nxc3 Bxc3+ 10. bxc3 Ba6 11. Qg4 g6 12. Bxa6 Nxa6 13. h4 Qd7 14. h5 g5 15. f4 gxf4 16. Qxf4 Qb5 17. Kd2 c5 18. a4 Qc6 19. a5 cxd4 20. Bxd4 Nc5 21. Bxc5 bxc5 22. Rhf1 0-0-0 23. Qa4 Qxa4 24. Rxa4 Rd7 25. Raf4 Rh7 26. Rg4 Rb7 27. Rg8+ Kd7 28. a6 Rc7 29. Rb1 Kc6 30. g4 f6 31. exf6 Kd6 32. Rg6 Rcf7 33. Rb7 Rxb7 34. axb7 Rxb7 35. Rxh6 Ke5 36. g5 a5 37. Rg6 a4 38. Rg7 Rb8 39. f7 Rf8 40. g6 a3 41. Rg8 a2 42. Rxf8 a1Q 43. Rd8 d4 44. cxd4+ cxd4 45. f8Q Qc3+ 46. Kd1 Qa1+ 47. Ke2 d3+ 48. Rxd3 1-0

[Event "St Petersburg Rapid GP"]
[Site "St Petersburg"]
[Date "2024.08.25"]
[Round "6"]
[White "Tsvetkov, Andrey1"]
[Black "Lintchevski, Daniil"]
[Result "1/2-1/2"]
[WhiteElo "2435"]
[BlackElo "2524"]
[PlyCount "72"]
[EventDate "2024.08.24"]
[EventType "swiss (rapid)"]
[EventRounds "11"]
[EventCountry "RUS"]
[SourceTitle "CBM 221 Extra"]
[Source "ChessBase"]
[SourceDate "2024.09.30"]
[SourceVersion "1"]
[SourceVersionDate "2024.09.30"]
[SourceQuality "1"]

1. d4 d5 2. c4 e6 3. Nf3 Nf6 4. Nc3 c5 5. cxd5 cxd4 6. Qxd4 exd5 7. e4 dxe4 8. Qxd8+ Kxd8 9. Ng5 Be6 10. Nxe6+ fxe6 11. Bg5 Nc6 12. 0-0-0+ Ke8 13. Bc4 Kf7 14. Bxf6 gxf6 15. Nxe4 Rd8 16. f4 Bh6 17. g3 Na5 18. Be2 Ke7 19. Kb1 Bg7 20. Rhe1 Rxd1+ 21. Rxd1 Rc8 22. Rc1 Rxc1+ 23. Kxc1 f5 24. Ng5 h6 25. Nf3 Nc6 26. Bb5 Kd6 27. Bc4 a6 28. a3 b5 29. Bd3 Kc5 30. b4+ Kb6 31. Kc2 a5 32. bxa5+ Nxa5 33. h3 Kc5 34. g4 fxg4 35. hxg4 Nc6 36. Be4 Nd4+ 1/2-1/2

[Event "St Petersburg Rapid GP"]
[Site "St Petersburg"]
[Date "2024.08.24"]
[Round "3"]
[White "Lintchevski, Daniil"]
[Black "Garmash, Aliona"]
[Result "1-0"]
[WhiteElo "2524"]
[BlackElo "2119"]
[PlyCount "45"]
[EventDate "2024.08.24"]
[EventType "swiss (rapid)"]
[EventRounds "11"]
[EventCountry "RUS"]
[SourceTitle "CBM 221 Extra"]
[Source "ChessBase"]
[SourceDate "2024.09.30"]
[SourceVersion "1"]
[SourceVersionDate "2024.09.30"]
[SourceQuality "1"]

1. e4 e6 2. d4 d5 3. Nc3 Nf6 4. Bg5 dxe4 5. Nxe4 Nbd7 6. Nf3 h6 7. Nxf6+ Nxf6 8. Be3 Bd6 9. Bd3 b6 10. Ne5 0-0 11. Qf3 Nd5 12. 0-0-0 Nxe3 13. fxe3 Bd7 14. Rhf1 Qe7 15. Nxf7 Rxf7 16. Qxa8+ Rf8 17. Qe4 g5 18. Rxf8+ Kxf8 19. Rf1+ Kg8 20. Qg6+ Qg7 21. Rf6 Bxh2 22. Qxh6 Qxh6 23. Rxh6 1-0

[Event "St Petersburg Blitz GP"]
[Site "St Petersburg"]
[Date "2024.08.23"]
[Round "3"]
[White "Gusev, Dmitri"]
[Black "Lintchevski, Daniil"]
[Result "0-1"]
[WhiteElo "1935"]
[BlackElo "2524"]
[PlyCount "156"]
[EventDate "2024.08.23"]
[EventType "swiss (blitz)"]
[EventRounds "11"]
[EventCountry "RUS"]
[SourceTitle "EXT 2025"]
[Source "ChessBase"]
[SourceDate "2024.10.14"]
[SourceVersion "1"]
[SourceVersionDate "2024.10.14"]
[SourceQuality "1"]

1. Nf3 d5 2. b3 Bg4 3. e3 Nd7 4. Be2 Ngf6 5. Bb2 e6 6. 0-0 Bd6 7. d4 0-0 8. Nbd2 Qe7 9. Ne5 Bxe2 10. Qxe2 c6 11. c4 Ba3 12. Bxa3 Qxa3 13. Nb1 Qa5 14. Qd2 Qxd2 15. Nxd2 Nxe5 16. dxe5 Nd7 17. f4 Rfd8 18. cxd5 cxd5 19. e4 Nc5 20. exd5 Rxd5 21. Nc4 b6 22. Rad1 Rad8 23. Ne3 Rd3 24. Rxd3 Rxd3 25. Rd1 Kf8 26. Kf2 Rxd1 27. Nxd1 f6 28. exf6 gxf6 29. Ke3 Ke7 30. Nc3 a6 31. Ne4 Nd7 32. Kd4 h5 33. g3 f5 34. Nd2 Nf6 35. Nf3 Kd6 36. b4 b5 37. a3 Ng4 38. h3 Nf2 39. Ng5 Ke7 40. Ke3 Nd1+ 41. Kd3 Nb2+ 42. Kc3 Nc4 43. a4 Nd6 44. axb5 Nxb5+ 45. Kc4 Kd6 46. Nf7+ Kc7 47. Ng5 Kd6 48. Nf7+ Kc7 49. Ng5 Kd7 50. Kc5 Nc7 51. Nf7 Nd5 52. Ne5+ Kc7 53. g4 fxg4 54. hxg4 h4 55. Nf3 h3 56. f5 exf5 57. gxf5 Nf6 58. b5 axb5 59. Kxb5 Ne4 60. Kc4 Nd2+ 61. Nxd2 h2 62. f6 h1Q 63. Kd4 Kd6 64. Ke3 Ke6 65. Ne4 Qh6+ 66. Kd4 Qf4 67. Kd3 Ke5 68. Nd2 Kxf6 69. Ne4+ Ke5 70. Nd2 Qf5+ 71. Ke3 Qh3+ 72. Nf3+ Kf5 73. Ke2 Kf4 74. Ne1 Ke4 75. Kf2 Qh4+ 76. Ke2 Qh2+ 77. Kf1 Qa2 78. Ng2 Kf3 0-1

[Event "Titled Tuesday intern op 13th Aug Late"]
[Site "Chess.com INT"]
[Date "2024.08.13"]
[Round "4"]
[White "Bortnyk, Olexandr"]
[Black "Lintchevski, Daniil"]
[Result "1-0"]
[WhiteElo "2608"]
[BlackElo "2524"]
[PlyCount "49"]
[EventDate "2024.08.13"]
[EventType "swiss (blitz)"]
[EventRounds "11"]
[EventCountry "USA"]
[SourceTitle "EXT 2025"]
[Source "ChessBase"]
[SourceDate "2024.10.14"]
[SourceVersion "1"]
[SourceVersionDate "2024.10.14"]
[SourceQuality "1"]

1. d4 d5 2. Nc3 Nf6 3. Bf4 c5 4. e4 Nxe4 5. Nxe4 dxe4 6. dxc5 Qxd1+ 7. Rxd1 Nc6 8. Bb5 Bd7 9. Ne2 e6 10. Be3 a6 11. Ba4 Rc8 12. 0-0 Be7 13. b4 Ne5 14. Rxd7 Nxd7 15. Rd1 Rd8 16. Bf4 Bf6 17. Bc7 Ke7 18. Bd6+ Ke8 19. Ng3 Bc3 20. Nxe4 Bxb4 21. c6 b5 22. Bxb4 Ne5 23. Nd6+ Rxd6 24. Rxd6 Nc4 25. Rd4 1-0

[Event "Titled Tuesday intern op 13th Aug Late"]
[Site "Chess.com INT"]
[Date "2024.08.13"]
[Round "6"]
[White "Narva, Mai"]
[Black "Lintchevski, Daniil"]
[Result "0-1"]
[WhiteElo "2421"]
[BlackElo "2524"]
[PlyCount "106"]
[EventDate "2024.08.13"]
[EventType "swiss (blitz)"]
[EventRounds "11"]
[EventCountry "USA"]
[SourceTitle "EXT 2025"]
[Source "ChessBase"]
[SourceDate "2024.10.14"]
[SourceVersion "1"]
[SourceVersionDate "2024.10.14"]
[SourceQuality "1"]

1. e4 e5 2. Nf3 Nf6 3. Nxe5 d6 4. Nf3 Nxe4 5. Nc3 Nf6 6. d4 Be7 7. Bd3 0-0 8. 0-0 Bg4 9. h3 Bh5 10. Bg5 Nbd7 11. Re1 Re8 12. a4 Nf8 13. a5 Ne6 14. Be3 c6 15. Be2 Bxf3 16. Bxf3 d5 17. a6 b5 18. Ne2 Ne4 19. Bxe4 dxe4 20. Ng3 Qd5 21. Qg4 g6 22. Qxe4 f5 23. Qxd5 cxd5 24. Ne2 Kf7 25. Nc3 Bb4 26. Nxb5 Bxe1 27. Nd6+ Ke7 28. Nxe8 Bb4 29. c3 Kxe8 30. cxb4 Rb8 31. Bd2 Kd7 32. Bc3 Nc7 33. Kf1 Rb6 34. Ke2 Rxa6 35. Rc1 Nb5 36. Kd3 Re6 37. Bd2 Re4 38. Bc3 f4 39. Ra1 Re6 40. h4 a6 41. Bd2 Re4 42. Bc3 Re6 43. Bd2 Rf6 44. Re1 f3 45. g3 Re6 46. Rxe6 Kxe6 47. Ke3 Kf5 48. Bc3 Kg4 49. Kd3 Nd6 50. Bd2 Ne4 51. Be3 Kh3 52. Bh6 Kg2 53. Ke3 Nxf2 0-1

[Event "Titled Tuesday intern op 13th Aug Early"]
[Site "Chess.com INT"]
[Date "2024.08.13"]
[Round "7"]
[White "Real de Azua, Ernesto"]
[Black "Lintchevski, Daniil"]
[Result "0-1"]
[WhiteElo "2455"]
[BlackElo "2524"]
[PlyCount "74"]
[EventDate "2024.08.13"]
[EventType "swiss (blitz)"]
[EventRounds "11"]
[EventCountry "USA"]
[SourceTitle "EXT 2025"]
[Source "ChessBase"]
[SourceDate "2024.10.14"]
[SourceVersion "1"]
[SourceVersionDate "2024.10.14"]
[SourceQuality "1"]

1. e4 e5 2. Nf3 Nf6 3. d4 exd4 4. e5 Ne4 5. Qxd4 d5 6. exd6 Nxd6 7. Nc3 Nc6 8. Qf4 Nf5 9. Bb5 Bd6 10. Qe4+ Qe7 11. Bg5 f6 12. Bd2 Bd7 13. 0-0-0 Qxe4 14. Nxe4 0-0-0 15. Nxd6+ Nxd6 16. Ba4 Rhe8 17. Rhe1 Bg4 18. Bf4 Rxe1 19. Rxe1 g5 20. Bxd6 Rxd6 21. Nd2 Bf5 22. f3 Ne5 23. Ne4 Bxe4 24. Rxe4 c5 25. Bb3 Rd4 26. Rxd4 cxd4 27. Kd2 Kc7 28. Bd5 b6 29. g3 Kd6 30. Be4 h6 31. b3 Kc5 32. a3 a5 33. Bf5 Nxf3+ 34. Kd3 Nxh2 35. b4+ axb4 36. axb4+ Kd5 37. Be4+ Ke5 0-1

[Event "Titled Tuesday intern op 13th Aug Early"]
[Site "Chess.com INT"]
[Date "2024.08.13"]
[Round "1"]
[White "Shukhman, Anna"]
[Black "Lintchevski, Daniil"]
[Result "0-1"]
[WhiteElo "2163"]
[BlackElo "2524"]
[PlyCount "38"]
[EventDate "2024.08.13"]
[EventType "swiss (blitz)"]
[EventRounds "11"]
[EventCountry "USA"]
[SourceTitle "EXT 2025"]
[Source "ChessBase"]
[SourceDate "2024.10.14"]
[SourceVersion "1"]
[SourceVersionDate "2024.10.14"]
[SourceQuality "1"]

1. e4 e5 2. d4 exd4 3. Qxd4 Nc6 4. Qe3 Nf6 5. Nc3 g6 6. Bd2 Bg7 7. 0-0-0 0-0 8. h4 d5 9. h5 d4 10. Qg3 dxc3 11. Bxc3 Qe7 12. hxg6 fxg6 13. Qh4 h5 14. e5 Ng4 15. Bc4+ Kh7 16. Nf3 Qxh4 17. Rxh4 Bh6+ 18. Kb1 Nxf2 19. Rdh1 Nxh1 0-1

[Event "Titled Tuesday intern op 06th Aug Early"]
[Site "Chess.com INT"]
[Date "2024.08.06"]
[Round "2"]
[White "Acar, Utku Cengiz"]
[Black "Lintchevski, Daniil"]
[Result "0-1"]
[WhiteElo "2052"]
[BlackElo "2524"]
[PlyCount "146"]
[EventDate "2024.08.06"]
[EventType "swiss (blitz)"]
[EventRounds "11"]
[EventCountry "USA"]
[SourceTitle "EXT 2025"]
[Source "ChessBase"]
[SourceDate "2024.10.14"]
[SourceVersion "1"]
[SourceVersionDate "2024.10.14"]
[SourceQuality "1"]

1. e4 e5 2. Nf3 Nf6 3. Nxe5 d6 4. Nf3 Nxe4 5. Bd3 Nf6 6. 0-0 Be7 7. c3 0-0 8. Bc2 Bg4 9. d4 Re8 10. Re1 Nbd7 11. Nbd2 Bh5 12. Nf1 Bg6 13. Bb3 c6 14. Ng3 d5 15. Bg5 h6 16. Bf4 Nh5 17. Nxh5 Bxh5 18. Bc2 Nf8 19. Bg3 Bf6 20. a4 Rxe1+ 21. Qxe1 Bxf3 22. gxf3 Qd7 23. Qf1 Ng6 24. Re1 Re8 25. Re3 Bg5 26. Re2 Nf4 27. Bxf4 Bxf4 28. Qe1 Rxe2 29. Qxe2 g6 30. Kg2 Qd8 31. h3 Kg7 32. Bd3 h5 33. Bc2 a5 34. Bd3 Bc7 35. Qe3 Qd6 36. Qe5+ Qxe5 37. dxe5 Bxe5 38. Kf1 Kf6 39. Ke2 Kg5 40. Ke3 Kh4 41. Bf1 Bc7 42. Bg2 Bb6+ 43. Ke2 Kg5 44. Bf1 Kh4 45. Bg2 Bd8 46. Bf1 Bg5 47. Kd3 Bh6 48. Bg2 Kg5 49. Bf1 Kf4 50. Bg2 Bf8 51. Kd4 b6 52. Kd3 Bc5 53. Ke2 b5 54. axb5 cxb5 55. Bf1 d4 56. Bg2 dxc3 57. bxc3 a4 58. Kd2 Bxf2 59. Bf1 a3 60. Kc2 Kxf3 61. Bxb5 Kg3 62. Be8 f6 63. Bxg6 h4 64. Bf5 Bc5 65. Kb3 Kf4 66. Bd7 Ke4 67. Bc8 f5 68. Kc2 f4 69. Bg4 Ke3 70. c4 f3 71. Bxf3 Kxf3 72. Kb3 Kg3 73. Ka2 Kxh3 0-1

[Event "Titled Tuesday intern op 06th Aug Early"]
[Site "Chess.com INT"]
[Date "2024.08.06"]
[Round "9"]
[White "Concio, Michael Jr"]
[Black "Lintchevski, Daniil"]
[Result "0-1"]
[WhiteElo "2373"]
[BlackElo "2524"]
[PlyCount "122"]
[EventDate "2024.08.06"]
[EventType "swiss (blitz)"]
[EventRounds "11"]
[EventCountry "USA"]
[SourceTitle "EXT 2025"]
[Source "ChessBase"]
[SourceDate "2024.10.14"]
[SourceVersion "1"]
[SourceVersionDate "2024.10.14"]
[SourceQuality "1"]

1. d4 d5 2. c4 c6 3. Nf3 Nf6 4. Nc3 dxc4 5. e3 b5 6. a4 b4 7. Na2 e6 8. Bxc4 Bb7 9. 0-0 Nbd7 10. b3 Be7 11. Bb2 0-0 12. Nc1 c5 13. a5 Rc8 14. Nd3 cxd4 15. Bxd4 a6 16. Nfe5 Ne4 17. Nxd7 Qxd7 18. Qg4 Bf6 19. Bxf6 Nxf6 20. Qf4 Nd5 21. Qd4 Rfd8 22. Nc5 Qe7 23. Nxb7 Qxb7 24. Rfd1 h6 25. h3 Rd7 26. Bxd5 Rxd5 27. Qb6 Rb8 28. Qxb7 Rxb7 29. Rxd5 exd5 30. Rc1 Rb5 31. Ra1 Rc5 32. Ra4 Rb5 33. Kf1 Kf8 34. Ke2 Ke7 35. Kd3 Kd6 36. Kd4 g5 37. g4 f6 38. f4 Rb8 39. Kd3 Kc5 40. Ra1 Re8 41. Rc1+ Kb5 42. Rc7 Kxa5 43. Rc5+ Kb6 44. Rxd5 Re6 45. Rf5 Rc6 46. Kd4 a5 47. e4 gxf4 48. Rxf4 a4 49. bxa4 Ka5 50. Kd5 Rb6 51. Rf1 b3 52. e5 fxe5 53. Kxe5 b2 54. Rb1 Kxa4 55. h4 Kb3 56. Kf5 Rb4 57. Rg1 Kc2 58. Rg2+ Kc3 59. Rg1 b1Q+ 60. Rxb1 Rxb1 61. g5 h5 0-1

[Event "Titled Tuesday intern op 06th Aug Early"]
[Site "Chess.com INT"]
[Date "2024.08.06"]
[Round "5"]
[White "Lintchevski, Daniil"]
[Black "Geivondian, Arman"]
[Result "1-0"]
[WhiteElo "2524"]
[BlackElo "2297"]
[PlyCount "61"]
[EventDate "2024.08.06"]
[EventType "swiss (blitz)"]
[EventRounds "11"]
[EventCountry "USA"]
[SourceTitle "EXT 2025"]
[Source "ChessBase"]
[SourceDate "2024.10.14"]
[SourceVersion "1"]
[SourceVersionDate "2024.10.14"]
[SourceQuality "1"]

1. e4 c6 2. Nf3 d5 3. d3 Qc7 4. Nc3 dxe4 5. dxe4 Bg4 6. h3 Bxf3 7. Qxf3 Nd7 8. Bd2 Ngf6 9. 0-0-0 0-0-0 10. g4 h6 11. Qg2 e6 12. f4 Bc5 13. Bd3 e5 14. f5 Be7 15. Bc4 Rdf8 16. h4 Nc5 17. g5 hxg5 18. hxg5 Nh5 19. g6 f6 20. Qf3 Nf4 21. Rh7 Rxh7 22. gxh7 Rh8 23. Bg8 Nd7 24. Bxf4 exf4 25. Be6 Bd6 26. Qd3 Kb8 27. Qxd6 Qxd6 28. Rxd6 Nf8 29. Rd8+ Kc7 30. Rxf8 Rxf8 31. Bg8 1-0

[Event "Titled Tuesday intern op 06th Aug Late"]
[Site "Chess.com INT"]
[Date "2024.08.06"]
[Round "1"]
[White "Lintchevski, Daniil"]
[Black "Gyenes, Mate"]
[Result "1-0"]
[WhiteElo "2524"]
[BlackElo "2205"]
[PlyCount "137"]
[EventDate "2024.08.06"]
[EventType "swiss (blitz)"]
[EventRounds "11"]
[EventCountry "USA"]
[SourceTitle "EXT 2025"]
[Source "ChessBase"]
[SourceDate "2024.10.14"]
[SourceVersion "1"]
[SourceVersionDate "2024.10.14"]
[SourceQuality "1"]

1. e4 Nf6 2. e5 Nd5 3. d4 d6 4. c4 Nb6 5. exd6 exd6 6. h3 Bf5 7. Nf3 Be7 8. Bd3 Bxd3 9. Qxd3 0-0 10. 0-0 Nc6 11. b3 Bf6 12. Nc3 d5 13. c5 Nc8 14. Bf4 a6 15. Rfe1 N8e7 16. Re2 Qd7 17. Rae1 Nf5 18. Be5 Bxe5 19. Nxe5 Qc8 20. Nxd5 Nfxd4 21. Re4 Nxe5 22. Ne7+ Kh8 23. Qxd4 Nc6 24. Nxc8 Nxd4 25. Rxd4 Raxc8 26. Re7 b6 27. c6 Kg8 28. Rdd7 g6 29. Rxc7 Rxc7 30. Rxc7 Kg7 31. Rb7 b5 32. Rb6 Ra8 33. Kf1 f5 34. Rb7+ Kf6 35. Rxh7 Rc8 36. c7 a5 37. h4 a4 38. g3 a3 39. Ke2 Ke5 40. Kd3 Kd5 41. Kc3 Kc5 42. b4+ Kd5 43. Rg7 Ke4 44. Kb3 Kf3 45. Rxg6 Rxc7 46. Rf6 Kxf2 47. Rxf5+ Kxg3 48. Rxb5 Kxh4 49. Kxa3 Kg4 50. Rc5 Ra7+ 51. Kb3 Kf4 52. a4 Ke4 53. a5 Kd4 54. Rc8 Kd5 55. Ka4 Kd6 56. Rc1 Kd7 57. b5 Rc7 58. Rxc7+ Kxc7 59. Kb4 Kb7 60. Kc5 Kc7 61. b6+ Kb7 62. Kb5 Kb8 63. Kc6 Kc8 64. b7+ Kb8 65. a6 Ka7 66. Kc7 Kxa6 67. b8Q Ka5 68. Qb3 Ka6 69. Qa4# 1-0

[Event "Titled Tuesday intern op 06th Aug Early"]
[Site "Chess.com INT"]
[Date "2024.08.06"]
[Round "1"]
[White "Lintchevski, Daniil"]
[Black "Jovic, Stanoje"]
[Result "1-0"]
[WhiteElo "2524"]
[BlackElo "2092"]
[PlyCount "61"]
[EventDate "2024.08.06"]
[EventType "swiss (blitz)"]
[EventRounds "11"]
[EventCountry "USA"]
[SourceTitle "EXT 2025"]
[Source "ChessBase"]
[SourceDate "2024.10.14"]
[SourceVersion "1"]
[SourceVersionDate "2024.10.14"]
[SourceQuality "1"]

1. e4 c6 2. Nf3 d5 3. d3 dxe4 4. dxe4 Qxd1+ 5. Kxd1 Bg4 6. Be2 Bxf3 7. Bxf3 h5 8. Ke2 g6 9. a4 Bh6 10. Nd2 Nd7 11. a5 Ngf6 12. a6 b5 13. Nb3 Bxc1 14. Rhxc1 0-0-0 15. c4 b4 16. c5 Ne5 17. Ra4 Rd7 18. Rc2 Nd3 19. e5 Nxe5 20. Rxb4 Rhd8 21. Na5 Nd5 22. Bxd5 Rxd5 23. Rb7 R8d7 24. b4 g5 25. f3 f5 26. b5 Nd3 27. b6 Nf4+ 28. Kf2 Nd3+ 29. Kf1 Re5 30. g3 axb6 31. a7 1-0

[Event "Titled Tuesday intern op 06th Aug Early"]
[Site "Chess.com INT"]
[Date "2024.08.06"]
[Round "11"]
[White "Lintchevski, Daniil"]
[Black "Kollars, Dmitrij"]
[Result "0-1"]
[WhiteElo "2524"]
[BlackElo "2656"]
[PlyCount "126"]
[EventDate "2024.08.06"]
[EventType "swiss (blitz)"]
[EventRounds "11"]
[EventCountry "USA"]
[SourceTitle "EXT 2025"]
[Source "ChessBase"]
[SourceDate "2024.10.14"]
[SourceVersion "1"]
[SourceVersionDate "2024.10.14"]
[SourceQuality "1"]

1. e4 e5 2. Nf3 Nc6 3. d4 exd4 4. Nxd4 Nf6 5. Nc3 Bb4 6. Nxc6 bxc6 7. Bd3 0-0 8. 0-0 d5 9. exd5 cxd5 10. Bg5 Be6 11. Nb5 c5 12. a3 Ba5 13. b4 Bb6 14. bxc5 Bxc5 15. Qd2 h6 16. Be3 Qb6 17. Bxc5 Qxc5 18. Qb4 Rfc8 19. Qxc5 Rxc5 20. f3 Bd7 21. Nd4 Ne8 22. Rfb1 Nd6 23. Rb3 Kf8 24. Kf2 Rac8 25. Ke3 Ke7 26. Kd2 Kf6 27. Rb4 g5 28. Nb3 R5c7 29. Nd4 h5 30. a4 Nc4+ 31. Bxc4 Rxc4 32. Rxc4 Rxc4 33. Nb5 a6 34. Nc3 Ke5 35. a5 Bf5 36. Ra2 h4 37. g3 d4 38. Ne2 h3 39. Rb2 Rc5 40. f4+ gxf4 41. gxf4+ Kd5 42. c3 dxc3+ 43. Nxc3+ Kc4 44. Nd1 Rxa5 45. Ne3+ Kd4 46. Rb4+ Kc5 47. Rc4+ Kb5 48. Rc7 Ra2+ 49. Kc3 Ra3+ 50. Kd2 Be4 51. Rxf7 Ra2+ 52. Kc3 Rxh2 53. Kd4 Bf3 54. Rh7 Rd2+ 55. Kc3 Re2 56. Kd3 h2 57. f5 Ra2 58. f6 Ra3+ 59. Kd4 Ra4+ 60. Kc3 h1Q 61. Rxh1 Bxh1 62. Nf5 Rf4 63. Nd4+ Kb6 0-1